000 00300nam a22001337a 4500
008 171013b xxu||||| |||| 00| 0 eng d
020 _a9780132310857
041 _aeng
080 _25TH
_a316
100 _a51
101 _aSOC
245 _aTHE MEANING OF SOCIOLOGY
_cCHARON.J,M
942 _2udc
_cBK
999 _c33698
_d33698